Malé státy v Evropské unii – taktiky prosazování národních priorit v Radě EU

Špecifiká postavenia malých štátov v Rade Európy a charaker obmedzení, ktoré z nich vyplývajú. Hlasovanie a kapacitné obmedzenia. Postupy, ktoré slúžia k zmierňovaniu hlasovacích limitov v Rade EÚ už v samotnom priebehu rozhodovacieho procesu a zakladajú sa na presvedčovaní. Taktiky prekonávajúce hl...

Descripción completa

Guardado en:
Detalles Bibliográficos
Autor principal: Zemanová, Štěpánka
Otros Autores: Druláková, Radka, Peterková, Jana, Přikryl, Pavel
Formato: Capítulo de libro
Lenguaje:checo
Materias:
Etiquetas: Agregar Etiqueta
Sin Etiquetas, Sea el primero en etiquetar este registro!

MARC

LEADER 00000naa a2200000 4500
001 0194605
005 20231204125823.2
041 0 |a cze 
044 |a CZ 
245 1 0 |a Malé státy v Evropské unii – taktiky prosazování národních priorit v Radě EU  |c Štěpánka Zemanová, Radka Druláková, Jana Peterková, Pavel Přikryl 
520 |a Špecifiká postavenia malých štátov v Rade Európy a charaker obmedzení, ktoré z nich vyplývajú. Hlasovanie a kapacitné obmedzenia. Postupy, ktoré slúžia k zmierňovaniu hlasovacích limitov v Rade EÚ už v samotnom priebehu rozhodovacieho procesu a zakladajú sa na presvedčovaní. Taktiky prekonávajúce hlasovacie limity spočívajúce vo vyjednávaní. 
610 2 0 |a Rada Európy 
610 2 0 |a Európska únia 
610 2 0 |a poslanci 
610 2 0 |a Európsky parlament 
610 2 0 |a politika medzinárodná 
100 1 |a Zemanová, Štěpánka 
700 1 |a Druláková, Radka 
700 1 |a Peterková, Jana 
700 1 |a Přikryl, Pavel